MARC

LEADER 00000nam0a2200000 4500
001 300237
005 20231102001300.0
020 |a RU  |b 85-28449 
035 |a (RuTPU)RU\TPU\book\325390 
035 |a RU\TPU\book\309316 
090 |a 300237 
100 |a 20150708d1982 k y0rusy5003 ca 
101 0 |a rus 
102 |a UA 
105 |a a z 001zy 
200 1 |a Материалы и приборы радиоэлектроники  |e сборник научных трудов  |f Днепропетровский государственный университет (ДГУ) ; под ред. А. Я. Якунина 
210 |a Днепропетровск  |c Изд-во ДГУ  |d 1982 
215 |a 180 с.  |c ил. 
320 |a Библиография в конце работ 
606 1 |a Радиоэлектроника  |x Материалы  |2 stltpush  |3 (RuTPU)RU\TPU\subj\23360  |9 47971 
610 1 |a радиоэлектронные приборы 
610 1 |a радиоэлектронные материалы 
610 1 |a люминесцентные материалы 
610 1 |a ферромагнитные материалы 
610 1 |a стеклообразные полупроводники 
610 1 |a керамика 
610 1 |a акустооптические кристаллы 
610 1 |a использование 
610 1 |a экспериментальные исследования 
675 |a 621.37/.39.002.3  |v 3 
702 1 |a Якунин  |b А. Я.  |g Александр Яковлевич  |4 340 
712 0 2 |a Днепропетровский государственный университет (ДГУ)  |g ДГУ  |y Днепропетровск (Украина)  |z (1918-2016)  |2 stltpush  |3 (RuTPU)RU\TPU\col\11280 
801 0 |a RU  |b RuMRKP  |c 19950704  |g psbo 
801 1 |a RU  |b 63413507  |c 20150220 
801 2 |a RU  |b 63413507  |c 20190607  |g RCR 
942 |c BK